000 00728nam a22002297a 4500
005 20080710104925.0
008 080710t xxu||||| |||| 00| 0 eng d
010 _aENG-90506
020 _c340.00
035 _aEN-74039
037 _bDBAD / PUB
040 _aDPL
_bEN
082 _a658
100 _aAswathappa, K.
245 _aEssentials of business environment /
_cby K. Aswathappa
250 _a10th ed
260 _aNew Delhi
_bHimalaya Publishing House
_c2008
300 _a568p.
_c28 cm.(pbk)
500 _aIncludes index
942 _2ddc
_cEN
_h658
_mASW
999 _c14357
_d14357